| 000 | 01034nam a2200241 a 4500 | ||
|---|---|---|---|
| 001 | BRCA_1284 | ||
| 005 | 20190320203348.0 | ||
| 008 | 190508s2007----ve-a---###---#000-0#spa-# | ||
| 020 | _a980645426X | ||
| 050 | 4 |
_aNK2422 _b.R58 2007 |
|
| 100 | 1 |
_aRivas P., Jorge F. _94215 |
|
| 245 | 1 | 0 |
_aEl repertorio clásico en el mobiliario venezolano _bsiglos XVIII Y XIX = The Classical Repertoire in Eighteenth and Nineteenth Century Venezuela Furniture _cJorge F. Rivas P. |
| 260 |
_aCaracas _bFundacion Cisneros _c2007 |
||
| 300 |
_a80 p. _bil. a color _c22 cm. |
||
| 440 | 0 |
_aCuaderno _v9 _94216 |
|
| 500 | _aIncluye índice de carpinteros y lista de obras reproducidas de la Colección Patricia Phelps Cisneros | ||
| 500 | _a2do. ejemplar en el Área de Investigación | ||
| 504 | _aIncluye referencias bibliográficas | ||
| 546 | _aTexto en: inglés y español | ||
| 650 | 1 | 4 |
_aMobiliario _ySiglo XVIII-XIX _zVenezuela _94217 |
| 740 | 0 | _aThe Classical Repertoire in Eighteenth and Nineteenth Century Venezuela Furniture | |
| 942 |
_2lcc _cB |
||
| 999 |
_c1153 _d1153 |
||